Union de España con Africa (Record no. 5316)
[ view plain ]
| 000 -LEADER | |
|---|---|
| campo de control de longitud fija | 01306nam a2200217 i 4500 |
| 001 - NÚMERO DE CONTROL | |
| campo de control | 5316 |
| 003 - IDENTIFICADOR DE NÚMERO DE CONTROL | |
| campo de control | ES-MaACL |
| 005 - FECHA Y HORA DE LA ÚLTIMA TRANSACCIÓN | |
| campo de control | 20230908151200.0 |
| 007 - CAMPO FIJO DE DESCRIPCIÓN FÍSICA--INFORMACIÓN GENERAL | |
| campo de control de longitud fija | t| |
| 008 - DATOS DE LONGITUD FIJA--INFORMACIÓN GENERAL | |
| campo de control de longitud fija | 900503r19901930sp b ||||1| spa d |
| 100 1# - ENTRADA PRINCIPAL--NOMBRE DE PERSONA | |
| Nombre de persona | Gallego Herrera, Fernando. |
| 9 (RLIN) | 53571 |
| 245 10 - MENCIÓN DEL TÍTULO | |
| Título | Union de España con Africa |
| Resto del título | : [Microforma] : Proyecto definitivo / |
| Mención de responsabilidad, etc. | por Fernando Gallego Herrera, inventor del sistema y autor del proyecto. |
| 260 ## - PUBLICACIÓN, DISTRIBUCIÓN, ETC. | |
| Lugar de publicación, distribución, etc. | Madrid : |
| Nombre del editor, distribuidor, etc. | Ateneo Cientifico, Literario y Artistico, |
| Fecha de publicación, distribución, etc. | 1990. |
| 300 ## - DESCRIPCIÓN FÍSICA | |
| Extensión | 11 microfichas : |
| Otras características físicas | negativo. |
| 500 ## - NOTA GENERAL | |
| Nota general | Reproduccion de ejemplar mecanografiado y 30 carpetas de planos editados por el propio autor en 1930. |
| 505 8# - NOTA DE CONTENIDO CON FORMATO | |
| Nota de contenido con formato | Microficha n. 1: Texto mecanografiado, carpetas 3 y 4 -- Microficha n. 2: Planos, carpetas 1 a 4 -- Microficha n. 3: Planos, carpetas 5 a 8 -- Microficha n. 4: Planos, carpetas 9 a 11 -- Microficha n. 5: Planos, carpetas 12 a 15 -- Microficha n. 6: Planos, carpetas 16 a 18 -- Microficha n. 7: Planos, carpetas 19 a 22 -- Microficha n. 8: Planos, carpetas 23 a 25 -- Microficha n. 9: Planos, carpetas 26 a 29 -- Microficha n. 10: Planos, carpetas 30 a 33 -- Microficha n. 11: Planos, carpetas 34 y 35 |
| 852 ## - LOCALIZACIÓN | |
| Ubicación | ES-MaACL |
| Número de control de estantería | MCF-63 |
| itemnumber | 5433 |
| Ubicación en estantería | Depósito 1 |
| 942 ## - ELEMENTOS DE ENTRADA SECUNDARIOS (KOHA) | |
| Fuente del sistema de clasificación o colocación | Clasificación decimal universal |
| Tipo de ítem Koha | Microforma |
| Estatus retirado | Estado de pérdida | Estado de daño | No para préstamo | Biblioteca de origen | Biblioteca actual | Ubicación en estantería | Fecha de adquisición | Fuente de adquisición | Total de préstamos | Signatura topográfica completa | Código de barras | Visto por última vez | Precio de reemplazo | Tipo de ítem Koha |
|---|---|---|---|---|---|---|---|---|---|---|---|---|---|---|
| Biblioteca del Ateneo de Madrid | Biblioteca del Ateneo de Madrid | Depósito 1 | 17/01/2008 | MCF-63 | 1005379 | 23/02/2023 | 23/02/2023 | Libro impreso |
